Паблик рилейшнз: учебное пособие для вузов

Бібліографічні деталі
Автор: Джефкинс Ф. Фрэнк
Інші автори: Ядин Д. Дэниэл
Резюме:За последнее десятилетие понятие "паблик рилейшнз" прочно вошло в словарь современного делового языка. Фрэнк Джефкинс — один из тех людей, которые во многом предали паблик рилейшнз его нынешний облик, свели его содержание в строгую систему, с одной стороны, отграничили это направление от смежных областей, а с другой — показали те сферы, где эти области действуют совместно. Всесторонность, компактность и глубина изложения сделали книгу Фрэнка Джефкинса очень популярной во многих странах. Это базовый учебник для многих учебных заведений. После смерти Джефкинса книгу дорабатывал Д. Ядин. Для студентов, асрпирантов и преподавателей вузов, специалистов PR-агентств и РR-отделов, руководителей предприятий и организаций, а также для всех, кто интересуется проблемами связей с общественностью.
Мова:Російська
Опубліковано: Москва, ЮНИТИ-ДАНА, 2003
Серія:Зарубежный учебник
Предмети:
Формат: Книга
KOHA link:https://koha.lib.tpu.ru/cgi-bin/koha/opac-detail.pl?biblionumber=81422

MARC

LEADER 00000nam0a2200000 4500
001 81422
005 20240829133142.0
010 |a 5238005679 
035 |a (RuTPU)RU\TPU\book\87522 
090 |a 81422 
100 |a 20050920d2003 m y0rusy50 ca 
101 1 |a rus  |c eng 
102 |a RU 
105 |a a j 001zy 
200 1 |a Паблик рилейшнз  |e учебное пособие для вузов  |f Ф. Джефкинс, Д. Ядин 
210 |a Москва  |c ЮНИТИ-ДАНА  |d 2003 
215 |a 400 с.  |c ил. 
225 1 |a Зарубежный учебник 
320 |a Словарь терминов: с. 383-400. 
330 |a За последнее десятилетие понятие "паблик рилейшнз" прочно вошло в словарь современного делового языка. Фрэнк Джефкинс — один из тех людей, которые во многом предали паблик рилейшнз его нынешний облик, свели его содержание в строгую систему, с одной стороны, отграничили это направление от смежных областей, а с другой — показали те сферы, где эти области действуют совместно. Всесторонность, компактность и глубина изложения сделали книгу Фрэнка Джефкинса очень популярной во многих странах. Это базовый учебник для многих учебных заведений. После смерти Джефкинса книгу дорабатывал Д. Ядин. Для студентов, асрпирантов и преподавателей вузов, специалистов PR-агентств и РR-отделов, руководителей предприятий и организаций, а также для всех, кто интересуется проблемами связей с общественностью. 
610 |a PR-бизнес 
610 |a паблик рилейшнз 
610 |a PR-деятельность 
610 |a PR-компаний 
610 |a PR-специалисты 
610 |a PR-технологии 
610 |a PR-службы 
610 |a связи с общественностью 
610 |a этика 
610 |a информационные технологии 
610 |a учебные пособия 
610 |a PR 
610 |a связи с общественностью 
675 |a 659.4(075.8)  |v 3 
700 1 |a Джефкинс  |b Ф.  |g Фрэнк 
701 1 |a Ядин  |b Д.  |g Дэниэл 
801 1 |a RU  |b 63413507  |c 20050920  |g PSBO 
801 2 |a RU  |b 63413507  |c 20170330  |g PSBO 
942 |c BK